Zohľadnenie možných nelinearít pri testovaní platnosti teórie parity kúpnej sily

Existencia možných nelinearít pri testovaní platnosti parity kúpnej sily - PPP (Purchasing Power Parity). Možné prístupy zohľadnenia nelinearít pri testovaní platnosti PPP s cieľom prijatia správneho záveru.

Gespeichert in:
Bibliographische Detailangaben
1. Verfasser: Chocholatá, Michaela, 1977-
Format: Buchkapitel
Sprache:Slowakisch
Schlagworte:
Tags: Tag hinzufügen
Keine Tags, Fügen Sie das erste Tag hinzu!

MARC

LEADER 00000nla a2200000 4500
001 0180510
005 20240502073058.1
041 0 |a slo 
044 |a SK 
245 1 0 |a Zohľadnenie možných nelinearít pri testovaní platnosti teórie parity kúpnej sily  |c Michaela Chocholatá 
520 |a Existencia možných nelinearít pri testovaní platnosti parity kúpnej sily - PPP (Purchasing Power Parity). Možné prístupy zohľadnenia nelinearít pri testovaní platnosti PPP s cieľom prijatia správneho záveru. 
610 2 0 |a modely makroekonomické 
610 2 0 |a modely nelineárne 
610 2 0 |a metódy ekonometrické 
610 2 0 |a parita sily kúpnej 
610 2 0 |a kurz výmenný 
100 1 |a Chocholatá, Michaela, 1977-